000 00543nam a2200193Ia 4500
003 OSt
005 20191227121113.0
008 190216s9999||||xx |||||||||||||| ||und||
020 _a9788182813892
040 _coclc
082 _a330.09
_bJHI/H
100 _aJhingan, M L
_9469
245 0 _aHistory Of Economic Thought /
_c M L Jhingan
250 _a3rd ed.
260 _bVrinda Publications,
_c2013.
_aNew Delhi:
300 _a421p
650 _aEconomic Thought
942 _cBK
_2ddc
_h330.09
_iJHI/H
_k330.09
_mJHI/H
999 _c11274
_d11274